| 000 | 01386nam a2200337Ia 4500 | ||
|---|---|---|---|
| 001 | ebr10179971 | ||
| 003 | CaPaEBR | ||
| 006 | m u | ||
| 007 | cr cn||||||||| | ||
| 008 | 070129s2007 ne s 001 0 eng d | ||
| 010 | _z 2007003848 | ||
| 020 | _z9789027233677 (hb : alk. paper) | ||
| 040 |
_aCaPaEBR _cCaPaEBR |
||
| 035 | _a(OCoLC)191950489 | ||
| 050 | 1 | 4 |
_aP281 _b.I48 2007eb |
| 082 | 0 | 4 |
_a415/.0182 _222 |
| 245 | 0 | 0 |
_aImperative clauses in generative grammar _h[electronic resource] : _bstudies in honour of Frits Beukema / _cedited by Wim van der Wurff. |
| 260 |
_aAmsterdam ; _aPhiladelphia : _bJ. Benjamins Pub., _c2007. |
||
| 300 | _aviii, 352 p. | ||
| 490 | 0 |
_aLinguistik aktuell = Linguistics today, _x0166-0829 ; _vv. 103 |
|
| 500 | _aIncludes index. | ||
| 533 |
_aElectronic reproduction. _bPalo Alto, Calif. : _cebrary, _d2009. _nAvailable via World Wide Web. _nAccess may be limited to ebrary affiliated libraries. |
||
| 650 | 0 |
_aGrammar, Comparative and general _xImperative. |
|
| 650 | 0 |
_aGrammar, Comparative and general _xClauses. |
|
| 650 | 0 | _aGenerative grammar. | |
| 655 | 7 |
_aElectronic books. _2local |
|
| 700 | 1 |
_aBeukema, F. H. _q(Frits H.) |
|
| 700 | 1 | _aWurff, Wim van der. | |
| 710 | 2 | _aebrary, Inc. | |
| 856 | 4 | 0 |
_uhttp://site.ebrary.com/lib/rucke/Doc?id=10179971 _zAn electronic book accessible through the World Wide Web; click to view |
| 999 |
_c240144 _d240144 |
||